Central Library OPAC University of Rajshahi

كشف المبهم مما في المسلم ;; Kashf al-mubhim mimmā fī al-Musallam / (Record no. 78795)

MARC details
000 -LEADER
fixed length control field 01585cam a2200325 i 4500
001 - CONTROL NUMBER
control field 78795
003 - CONTROL NUMBER IDENTIFIER
rucl marc code BD-RjUL
005 - DATE AND TIME OF LATEST TRANSACTION
control field 20211209083156.0
008 - FIXED-LENGTH DATA ELEMENTS--GENERAL INFORMATION
fixed length control field 200312s1891 ii 000 0 ara
035 ## - SYSTEM CONTROL NUMBER
System control number (BD-RjUL)79022
040 ## - CATALOGING SOURCE
Original cataloging agency DLC
Language of cataloging eng
Description conventions rda
Transcribing agency DLC
041 ## - LANGUAGE CODE
Language code of text/sound track or separate title ara
066 ## - CHARACTER SETS PRESENT
Alternate G0 or G1 character set (3
082 ## - DEWEY DECIMAL CLASSIFICATION NUMBER
Edition number 23
Classification number 340.59
Author mark and year QAK 1891
100 1# - MAIN ENTRY--PERSONAL NAME
Personal name قنوجي، محمد بشير الدين ;; Qannawjī, Muḥammad Bashīr al-Dīn,
Dates associated with a name -1848.
9 (RLIN) 250041
245 10 - TITLE STATEMENT
Title كشف المبهم مما في المسلم ;; Kashf al-mubhim mimmā fī al-Musallam /
Statement of responsibility, etc. محمد بشير الدين القنوجي. ;; li-Muḥammad Bashīr al-Dīn al-Qannawjī.
264 #1 - PRODUCTION, PUBLICATION, DISTRIBUTION, MANUFACTURE, AND COPYRIGHT NOTICE
Place of production, publication, distribution, manufacture كراچي ;; Karachi :
Name of producer, publisher, distributor, manufacturer تاجران کتب ,
Date of production, publication, distribution, manufacture, or copyright notice 1308 [1891]
300 ## - PHYSICAL DESCRIPTION
Pagination 256 pages ;
Size 23 cm
600 10 - SUBJECT ADDED ENTRY--PERSONAL NAME
Personal name Bahārī, Muḥibb Allāh ibn ʻAbd al-Shakūr,
Dates associated with a name -1707 or 1708.
Title of a work Musallam al-thubūt.
650 #0 - SUBJECT ADDED ENTRY--TOPICAL TERM
Topical term or geographic name as entry element Islamic law
General subdivision Interpretation and construction
Form subdivision Early works to 1800.
9 (RLIN) 250043
Topical term or geographic name as entry element Hanafites
Form subdivision Early works to 1800.
9 (RLIN) 250044
700 1# - ADDED ENTRY--PERSONAL NAME
Personal name
Relator term
880 1# - ALTERNATE GRAPHIC REPRESENTATION
Linkage 100-01/(3/r‏
a ‏قنوجي، محمد بشير الدين،‏
d ‏-1848.
Linkage 245-02/(3/r‏
a ‏كشف المبهم مما في المسلم /‏
c ‏لمحمد بشير الدين القنوجي.
Linkage 264-03/(3/r‏
a ‏دهلي :‏
b ‏المطبع المجتبائي،‏
c 1308 [1891]
Linkage 700-04/(3/r‏
a ‏منصوري، محمود الإمام،‏
e ‏former owner.‏
5 ‏DLC
942 ## - ADDED ENTRY ELEMENTS (KOHA)
Source of classification or shelving scheme Dewey Decimal Classification
Koha item type Books
Holdings
Lost status Source of classification or shelving scheme Damaged status Not for loan Collection code Permanent Location Current Location Shelving location Date acquired Total Checkouts Full call number Date last seen Copy number Koha item type
  Dewey Decimal Classification   Not For Loan Non-fiction Central Library, University of Rajshahi Central Library, University of Rajshahi Reading Room 15/11/2021   A 340.59 QAK 1891 15/11/2021 C-1 Books